000 00478nam a2200181Ia 4500
003 IN-BaIIA
008 211028s9999 xx 000 0 eng d
040 _cIIA Library
080 _a535.33.8
_bKUH
100 _aKuhn, H. G.
_93964
245 0 _aAtomic spectra
_cH. G. Kuhn
260 _aLondon
_bLongmans, Green
_c1962
300 _axv, 436p.
650 _aAstronomy and Astrophysics Thesaurus
650 _aAtomic Spectra
_91533
650 _aSpectroscopy
_91535
942 _cBK
999 _c2183
_d2183